XML programming with VB & ASP / (Record no. 537)
[ view plain ]
| 000 -LEADER | |
|---|---|
| fixed length control field | 00662nac a22001931u 4500 |
| 010 ## - LIBRARY OF CONGRESS CONTROL NUMBER | |
| LC control number | 99055358 |
| 020 ## - INTERNATIONAL STANDARD BOOK NUMBER | |
| International Standard Book Number | 1884777872 |
| 082 00 - DEWEY DECIMAL CLASSIFICATION NUMBER | |
| Classification number | 005.72 |
| Item number | W7462 |
| 090 ## - LOCALLY ASSIGNED LC-TYPE CALL NUMBER (OCLC); LOCAL CALL NUMBER (OCLC) | |
| -- | 537 |
| -- | 537 |
| 100 ## - MAIN ENTRY--PERSONAL NAME | |
| Personal name | Wilson, Mark, |
| 245 10 - TITLE STATEMENT | |
| Title | XML programming with VB & ASP / |
| Statement of responsibility, etc | Mark Wilson, Tracey Wilson. |
| 260 ## - PUBLICATION, DISTRIBUTION, ETC. (IMPRINT) | |
| Place of publication, distribution, etc | Greenwich, CT : |
| Name of publisher, distributor, etc | Manning,2000 |
| Date of publication, distribution, etc | 2000. |
| 300 ## - PHYSICAL DESCRIPTION | |
| Extent | xxiv, 289 p. : |
| Other physical details | ill. ; |
| Dimensions | 24 cm. |
| 500 ## - GENERAL NOTE | |
| General note | Includes index. |
| 650 #0 - SUBJECT ADDED ENTRY--TOPICAL TERM | |
| Topical term or geographic name as entry element | XML (Document markup language) |
| 700 1# - ADDED ENTRY--PERSONAL NAME | |
| Personal name | Wilson, Tracey. |
| 942 ## - ADDED ENTRY ELEMENTS (KOHA) | |
| Item type | Book - Borrowing |
| Call number prefix | 005.72W7462 |
| Withdrawn status | Item status | Source of classification or shelving scheme | Damaged status | Not for loan | Vendor | Home library | Current library | Shelving location | Date acquired | Source of acquisition | Cost, normal purchase price | Total Checkouts | Full call number | Barcode | Date last seen | Cost, replacement price | Koha item type |
|---|---|---|---|---|---|---|---|---|---|---|---|---|---|---|---|---|---|
| Dewey Decimal Classification | Central Library | Central Library | Lower Floor | 17/07/2006 | 254.10 | 005.72 WIL | 000004082 | 15/07/2025 | 317.63 | Book - Borrowing |